| 000 | 00879nam a2200301 a 4500 | ||
|---|---|---|---|
| 003 | AR-BaBNM | ||
| 005 | 20251128204258.0 | ||
| 008 | 082120s2002 ||||||||||||||000 | spa|| | ||
| 020 | _a950-21-0616-4 | ||
| 040 | _cAR-BaBNM | ||
| 100 | 1 | _aVidela, Horacio | |
| 245 | 0 | 0 |
_aHistoria de San Juan _b[1551-1982] |
| 260 |
_aBuenos Aires _bPlus Ultra _c1984 |
||
| 300 | _a343 p. | ||
| 490 | 0 |
_aHistoria de nuestras provincias _vv. 11 |
|
| 504 | _aContiene bibliografĂa para consultar al final de cada capĂtulo | ||
| 650 | 4 | _aHISTORIA PROVINCIAL ARGENTINA | |
| 650 | 4 | _aHISTORIA SANJUANINA | |
| 650 | 4 | _aABORIGENES | |
| 650 | 4 | _aHISTORIA DE LAS RELIGIONES | |
| 650 | 4 | _aPERIODO HISPANICO | |
| 650 | 4 | _aPERIODO INDEPENDIENTE | |
| 650 | 4 | _aORGANIZACION NACIONAL | |
| 650 | 4 | _aHISTORIA SOCIAL | |
| 650 | 4 | _aHISTORIA DE LAS COSTUMBRES | |
| 942 | _cBK | ||
| 998 | _cmariana | ||
| 999 |
_c6838 _d6838 |
||